000 00753nam a2200253Ia 4500
003 OSt
005 20220926000354.0
006 a|||||r|||| 00| 0
007 ta
008 220923b |||||||| |||| 00| 0 eng d
037 _cGeneral Book
040 _aRTL
_cRTL
_beng
041 _2eng
_aeng
082 _aV281,8.N6, K8
100 _aEldersveld Samuel J
245 0 _aCitizen and the administrator in a developing demo
260 _a New Delhi
_bI I P A
_c1968
300 _ax, 188p
_ccm.
490 _aIndian Institute of Public Administration, Publication
500 _aAppendix: P 168-88
650 _aHistory of Delhi
_9230102
942 _hV281,8.N6, K8
_cGB
_2CC
999 _c598913
_d598913